| 000 | 00961cam a2200265 a 4500 | ||
|---|---|---|---|
| 001 | 89649 | ||
| 005 | 20230410101836.0 | ||
| 008 | 840411s2011 dr 001 0 spa | ||
| 020 | _a9789945475081 | ||
| 041 | _aspa | ||
| 050 | 1 | 4 |
_a118 BX 1459 _bA742c 2011 |
| 100 | 1 |
_aArnaiz, Francisco José, _d1925- |
|
| 245 | 1 | 0 |
_aCuando nosotros decíamos paz, ellos gritaban guerra / _cFrancisco José Arnaiz; liminar por José Rafael Lantigua. |
| 260 |
_aSanto Domingo, R.D. : _bDirección General de la Feria del Libro, _c2011. |
||
| 300 |
_a173 p.: _c25cm. |
||
| 440 | 0 | _aColección Ediciones Ferilibro, | |
| 501 | _aSe publica con motivo de la celebración de la XIII Feria Internacional del Libro Santo Domingo 2011. | ||
| 504 | _aIncluye índice. | ||
| 650 | 4 |
_aIglesia católica _zRepública Dominicana |
|
| 650 | 0 |
_aCatholic Church _zDominican Republic. |
|
| 700 | 1 | _aLantigua, José Rafael | |
| 942 |
_2lcc _cbk |
||
| 946 | _aPP | ||
| 994 |
_aC0 _bDRFGD |
||
| 999 |
_c14876 _d14876 |
||